| 000 | 00827nam a2200241 i 4500 | ||
|---|---|---|---|
| 001 | bg | ||
| 100 | 1 | _aCICHOBŁAZIŃSKI, Leszek | |
| 245 | 1 | 0 |
_aStudia, praca - jak zarządzać swoją karierą? / _cLeszek Cichobłaziński ; Biuro Promocji i Karier Politechniki Częstochowskiej. |
| 260 |
_aCzęstochowa : _bWydawnictwa PC, _c2004. |
||
| 300 |
_a82 s. : _btab., wykr. ; _c24 cm. |
||
| 504 | _aBibliogr. s. 62-64. | ||
| 650 | 9 |
_aAbsolwenci szkół wyższych _xzatrudnienie _zPolska _yod 1989 r. |
|
| 650 | 9 | _aKariera | |
| 655 | _aPoradniki | ||
| 710 | 0 |
_aPolitechnika Częstochowska _bBiuro Promocji i Karier |
|
| 020 | _a8371932502 | ||
| 040 | _cBPK | ||
| 041 | 0 | _apol | |
| 080 | _a331.108.4:331.5(438)"1989/..."]-057.85(083.1) | ||
| 920 | _a83-7193-250-2 | ||
| 942 | _cKS | ||
| 008 | s pl f |000 0 pol | ||
| 999 |
_c45690 _d45690 |
||
| 856 |
_uhttp://koha.tu.koszalin.pl/cgi-bin/koha/opac-detail.pl?biblionumber=45690 _yKatalog online BPK |
||